01193cam a2200301 a 4500999001700000001000900017005001700026008004100043010001700084020002200101035002300123043001200146050002300158100002000181245012200201246003400323246003900357260006900396300005300465504009000518650003900608650003500647650003300682700001700715700002000732942001500752952012400767 c27242d272421341971120170207164242.0031201s2003 dcuaf b 000 0 eng d a 2004351300 a0970548540 (pbk.) a(OCoLC)ocm52467552 an-us---00aRA395 .A3G485 20031 aGingrich, Newt.10aSaving lives & saving money :btransforming health and healthcare /cNewt Gingrich with Dana Pavey and Anne Woodbury.3 aSaving lives and saving money30aTransforming health and healthcare aWashington, DC :bThe Alexis de Tocqueville Institution,cc2003. aiii, 308 p., [14] p. of plates :bill. ;c23 cm. aIncludes bibliographical references (p. 298-299) and web site resources (p. 297-298). 0aHealth care reformzUnited States. 0aMedical policyzUnited States. 0aMedical carezUnited States.1 aPavey, Dana.1 aWoodbury, Anne. 2lcccBOOKS 00102lcc4070aMUCbMUCcTECHd2017-02-07eDonation(BFA)l0oRA395 .A3G485 2003p34869r2018-08-07w2017-02-07yBOOKS